| 000 | 00548nam a2200193 a 4500 | ||
|---|---|---|---|
| 001 | 914 | ||
| 003 | CO-ViMGA | ||
| 008 | 141112s2004 ck r 000 u spa d | ||
| 040 |
_aCO-ViMGA _bspa _cCO-ViMGA |
||
| 082 | 0 | 4 | _aCo863.44 M344c |
| 100 | 1 | _aMejía Vallejo, Manuel | |
| 245 | 1 | 0 | _aCuentos de zona tórrida |
| 260 |
_aSantafé de Bogotá : _bNorma, _c1995 |
||
| 300 | _a207, 58 p | ||
| 490 | _aCara y cruz | ||
| 500 | _aEncuadernado con A propósito de Manuel Mejía Vallejo y su obra. | ||
| 650 | 1 | 4 | _aCUENTOS COLOMBIANOS |
| 942 |
_2ddc _cBK |
||
| 999 |
_c13141 _d13141 |
||